| 000 | 00336nam a22001217a 4500 | ||
|---|---|---|---|
| 008 | 230621b xxu||||| |||| 00| 0 eng d | ||
| 082 |
_a328.38 _bFIN |
||
| 100 | _cS.E Finer | ||
| 245 |
_aAnonymous Empire _bA study of the lobby in Great Britain |
||
| 260 |
_alondon _bThe Pall Mall Press limited _c1958 |
||
| 300 | _a150p | ||
| 942 |
_2ddc _cBK |
||
| 999 |
_c2112 _d2112 |
||